000 00683pam a2200181 a 4500
020 _a0883445573
020 _a0883445565(pbk.)
041 1 _aeng/ fre
082 0 0 _a282.8
_bRIC
100 1 _aRichard, Pablo.
245 1 0 _aDeath of christendoms, birth of the church : Historical Analysis and Theological Interpretation of the church in Latin America
260 _aMaryknoll, NY :
_bOrbis Books,
_cc1987.
300 _ax, 213 p. :
_bill. ;
500 _aTranslation of: Mort des chrétientés et naissance de l'Église. 1978.
500 _a"Incorporates alterations and updatings by the author in the Spanish version"--T.p. verso.
650 0 _aLiberation theology.
942 _cBK
999 _c22830
_d22830